00501nam a2200193Ia 4500008004100000041001200041082002200053100001900075245002800094260006500122300000800187365000800195520001200203546001200215630002800227650001200255655001200267730002800279101110s9999 xx 000 0 und d aMARATHI bSR27657a891.4692 aPatange Ramesh aSangharsha mahamanvacha c2002bSaptahik Vivek Prakashan, Navchaitanya Prakashan, Pune a194 b160 aMarathi aMARATHI aSangharsha mahamanvacha aMarathi aMarathi aSangharsha mahamanvacha